Thơ văn Ngô Thị Nhậm Trúc lâm tông chỉ Nguyên Thanh

Сохранить в:
Библиографические подробности
Главный автор: Ngô Thị Nhậm
Формат:
Метки: Добавить метку
Нет меток, Требуется 1-ая метка записи!
Thư viện lưu trữ: Mạng thư viện Đại học Đà Nẵng
LEADER 00615nam a2200205 4500
001 000005238
003 1381
005 20150812140854.0
008 110812s sd
100 0 |a Ngô Thị Nhậm 
245 0 0 |a Thơ văn Ngô Thị Nhậm  |b Trúc lâm tông chỉ Nguyên Thanh  |c Ngô Thị Nhậm 
774 |a Ngô Thì Nhậm  |d Khoa học xã hội  |d H.  |d 1978  |g Tập 1  |h 319 tr  |w 1386 
OWN |a LSP 
999 |a From the UDN01 
TYP |a Monograph 
TYP |a Printed language 
980 |a Mạng thư viện Đại học Đà Nẵng